000 00629nam a22001457a 4500
999 _c520704
_d520704
008 221007b ||||| |||| 00| 0 eng d
100 _aSingh, Priya
_934763
245 _aRight to livelihood and access to groundwater in India
260 _aJournal of the Indian Law Institute
300 _a63(4), Oct-Dec, 2021: p.442-452
520 _aThe right to livelihood forms a part of the rights to life under article 21 of the constitution of India. It also lands supports the right to work and the right to food. – Reproduced
773 _aJournal of the Indian Law Institute
906 _aWATER RESOURCES
942 _cAR